1340 1510 1232 1296 1042 1954 1081 1935 1517 1956 1931 1046 1463 1070 1687 1172 1355 1372 1155 1450 1639 1317 1072 1808 1092 1040 1653 1874 1750 1065 1890 1465 1921 1833 1505 1273 1687 1865 1842 1348 1435 1958 1475 1203 1775 1662 1507 1911 1964 1503 1025 1612 1365 1470 1148 1142 1206 1671 1932 1906 1143 1372 1694 1076 1024 1124 1355 1762 1212 1929 1049 1944 1171 1937 1488 1810 1410 1281 1464 1760 1938 1539 1622 1012 1531 1195 1011 1836 1752 1286 1615 1871 1278 1128 1509 1231 1773 1739 1069 BCNSPRNW ULIB Ver.6.0+V

เปลี่ยนเป็นภาษาไทย

Change to English
 แสดงรายละเอียดบรรณานุกรม
  กลับหน้าหลัก

Brief Record : Get Marc (ISO 2709) : E-mail record : QR code < ปิดหน้าต่าง
LEADER : 00000nam 2200000uu 4500
001    13399123654
003     ULIB
008    141103s2556||||th 000 0 tha d
020    ^a9786163358349
060  4 ^aWC528^bป418ร
100    ^aประเสริฐ ทองเจริญ
245    ^aระบาดบันลือโลก 22 : โรคไข้เลือดออกเด็งกี่ /^cประเสริฐ ทองเจริญ
246 0  World-Shaking Outbreaks-
250    ^aพิมพ์ครั้งที่ 1
260    ^aกรุงเทพฯ :^bอักษรสมัย(๑๙๙๙),^c2556
300    ^a174หน้า;^b18.5 ซม.
650    ^aโรคไข้เลือดออกเด็งกี่
945    ^p200^l0^i036517
945    ^p200^l0^i036518
945    ^p200^l0^i036519
945    ^p200^l0^i036520
945    ^p200^l0^i036521
999    ^aเกษร โพธิ์สุวรรณ
รายการนี้ยังไม่มีแท็ก
คุณยังไม่ได้ล็อกอิน คุณสามารถมีกิจกรรมร่วมกับเว็บไซต์ได้ แต่ต้องล็อกอินก่อน ::
  ล็อกอิน

รายการสื่อสารสนเทศ

ลำดับที่ ประเภท เลขเรียก/บาร์โค้ด สถานที่ สถานะ
1. วิทยาศาสตร์การแพทย์ และสุขภาพ
หนังสือสำรอง
สถานะ=หนังสือสำรอง
WC528 ป418ร ฉ.1 
  Barcode: 036517
ห้องสมุดวิทยาเขตสวรรค์ประชารักษ์
►ส่วนจัดเก็บหนังสือเก่า สปร
บนชั้น
  ขอยืม
2. วิทยาศาสตร์การแพทย์ และสุขภาพ
วิทยาศาสตร์การแพทย์ และสุขภาพ
WC528 ป418ร ฉ.2 
  Barcode: 036518
ห้องสมุดวิทยาเขตสวรรค์ประชารักษ์
►ส่วนจัดเก็บหนังสือเก่า สปร
บนชั้น
  ขอยืม
3. วิทยาศาสตร์การแพทย์ และสุขภาพ
วิทยาศาสตร์การแพทย์ และสุขภาพ
WC528 ป418ร ฉ.3 
  Barcode: 036519
ห้องสมุดวิทยาเขตสวรรค์ประชารักษ์
►ส่วนจัดเก็บหนังสือเก่า สปร
บนชั้น
  ขอยืม
4. วิทยาศาสตร์การแพทย์ และสุขภาพ
วิทยาศาสตร์การแพทย์ และสุขภาพ
WC528 ป418ร ฉ.4 
  Barcode: 036520
ห้องสมุดวิทยาเขตสวรรค์ประชารักษ์
►ส่วนจัดเก็บหนังสือเก่า สปร
บนชั้น
  ขอยืม
5. วิทยาศาสตร์การแพทย์ และสุขภาพ
วิทยาศาสตร์การแพทย์ และสุขภาพ
WC528 ป418ร ฉ.5 
  Barcode: 036521
ห้องสมุดวิทยาเขตสวรรค์ประชารักษ์
►ส่วนจัดเก็บหนังสือเก่า สปร
บนชั้น
  ขอยืม

รายการใกล้เคียง
    ผู้แต่ง [ประเสริฐ ทองเจริญ]

    หัวเรื่อง [โรคไข้เลือดออกเด็งกี่]

BibComment


ยังไม่เคยถูกคอมเมนท์

คอมเมนท์ทรัพยากรรายการนี้
  คอมเมนท์: ระบาดบันลือโลก 2..


 Copyright 2026. Bcnsprnw @Library